Sports Quiz

Random Sports or MLB Quiz

Cities by Two Athletes Quiz Stats

 Plays Quiz Updated Jul 17, 2015

Challenge
Share
Tweet
Embed
Score 0/30 Timer 05:00
0 Plays Today
Players City % Correct
Bonds (1986-92)
Roethlisberger (2004-pres.)
Pittsburgh
96.3%
Yao (2002-11)
Watt (2011-pres.)
Houston
93.4%
Kosar (1985-93)
James (2003-10,14-pres.)
Cleveland
92.1%
Gwynn (1982-2001)
Rivers (2004-present)
San Diego
89.1%
Young (1987-99)
Bonds (1993-2007)
San Francisco
86.8%
Zorn (1976-84)
Griffey (1989-1999, 2009-2010)
Seattle
85.4%
Payton (1975-87)
Zambrano (2001-11)
Chicago
83.5%
Paul (2005-11)
Bush (2006-10)
New Orleans
79.9%
Miller (1987-2005)
Manning (1998-2010)
Indianapolis
79.4%
Kelly (1986-96)
Hasek (1992-2001)
Buffalo
78.1%
Lewis (1987-93)
Ramirez (2001-08)
Boston
77.7%
Jordan (2001-03)
Taylor (2004-07)
Washington
75.8%
Unitas (1956-72)
Roberts (2001-13)
Baltimore
75.1%
Montana (1993-94)
Beltran (1998-2004)
Kansas City
74.4%
Sanders (1989-98)
Billups (2002-08)
Detroit
73.4%
Players City % Correct
Ryan (1966-71)
Simms (1979-93)
New York
72.6%
Moon (1978-83)
Gretzky (1979-88)
Edmonton
70%
Smith (1990-2002)
Nash (1998-2004)
Dallas
69%
Carter (1991-97)
Carter (1998-2004)
Toronto
67%
Richard (1942-60)
Guerrero (1996-2003)
Montreal
62%
Molitor (1978-92)
Allen (1996-2003)
Milwaukee
61.2%
Jones (1996-2007)
Ryan (2008-pres.)
Atlanta
54.6%
Salmon (1992-2006)
Selanne (1996-2001,06-14)
Anaheim
54.1%
Robertson (1960-70)
Palmer (2003-10)
Cincinnati
52.8%
Mutombo (1991-96)
Davis (1995-2001)
Denver
49.6%
Reeves (1996-2001)
Sedin (2000-pres.)
Vancouver
48.2%
Flutie (1992-95)
Iginla (1996-2013)
Calgary
47.4%
Lomax (1981-87)
Hull (1988-98)
St. Louis
43.6%
Brooks (1995-2008)
Lecavalier (1998-2013)
Tampa
42.6%
Allen (1982-92)
Beltre (1998-2004)
Los Angeles
41.8%

You're not logged in!

Compare scores with friends on all Sporcle quizzes.
Join for Free
OR
Log In

You Might Also Like...

Show Comments

Extras

Top Quizzes Today


Score Distribution

Your Account Isn't Verified!

In order to create a playlist on Sporcle, you need to verify the email address you used during registration. Go to your Sporcle Settings to finish the process.

Report this User

Report this user for behavior that violates our Community Guidelines.

Details: